ਲੰਮੀ ਉਡਾਰੀ / (Record no. 109769)

MARC details
000 -LEADER
fixed length control field 00911nam a22002537a 4500
005 - DATE AND TIME OF LATEST TRANSACTION
control field 20170123164142.0
010 ## - LIBRARY OF CONGRESS CONTROL NUMBER
LC control number B-047206
020 ## - INTERNATIONAL STANDARD BOOK NUMBER
Terms of availability 70.00
035 ## - SYSTEM CONTROL NUMBER
System control number B-047206
037 ## - SOURCE OF ACQUISITION
Source of stock number/acquisition Cen Lib / Ret
040 ## - CATALOGING SOURCE
Original cataloging agency DPL
Language of cataloging PN
082 ## - DEWEY DECIMAL CLASSIFICATION NUMBER
Classification number
Item number ਦਲੀਪ
100 ## - MAIN ENTRY--PERSONAL NAME
Personal name ਦਲੀਪ ਕੌਰ ਟਿਵਾਨਾ
9 (RLIN) 64636
245 ## - TITLE STATEMENT
Title ਲੰਮੀ ਉਡਾਰੀ /
Statement of responsibility, etc ਦਲੀਪ ਕੌਰ ਟਿਵਾਨਾ
246 ## - VARYING FORM OF TITLE
Title proper/short title Lammi udari : a novel /
Remainder of title by Dalip Kaur Tiwana
260 ## - PUBLICATION, DISTRIBUTION, ETC. (IMPRINT)
Place of publication, distribution, etc ਦਿੱਲੀ
Name of publisher, distributor, etc ਆਰਸੀ ਪਬਲਿਸ਼ਰਜ਼
Date of publication, distribution, etc 2001
270 ## - ADDRESS
Address ਚਾਦਨੀ ਚੋਕ ਦਿੱਲੀ
City ਦਿੱਲੀ
Postal code 11006
300 ## - PHYSICAL DESCRIPTION
Extent 95p.
Dimensions 21cm(Hb)
650 ## - SUBJECT ADDED ENTRY--TOPICAL TERM
Topical term or geographic name as entry element ਪੰਜਾਬੀ ਸਾਹਿਤ
9 (RLIN) 118587
650 ## - SUBJECT ADDED ENTRY--TOPICAL TERM
Topical term or geographic name as entry element ਪੰਜਾਬੀ ਨਾਵਲ
9 (RLIN) 118588
650 ## - SUBJECT ADDED ENTRY--TOPICAL TERM
Topical term or geographic name as entry element Punjabi Literature
9 (RLIN) 781
650 ## - SUBJECT ADDED ENTRY--TOPICAL TERM
Topical term or geographic name as entry element Punjabi Novel
9 (RLIN) 6285
942 ## - ADDED ENTRY ELEMENTS (KOHA)
Source of classification or shelving scheme Dewey Decimal Classification
Koha item type Punjabi Bks
Classification part
Call number suffix ਦਲੀਪ
Holdings
Withdrawn status Lost status Damaged status Not for loan Home library Current library Date acquired Source of acquisition Total Checkouts Full call number Barcode Date last seen Date checked out Copy number Cost, replacement price Price effective from Koha item type
        Central Library Central Library 06/01/2016 Cen Lib/Ret 1 ਓ ਦਲੀਪ B-047206 03/10/2017 19/09/2017 1 70.00 06/01/2016 Punjabi Bks

© Delhi Public Library
Hit Counter
free hit counter